000
00412nam a22001097a 4500
082
_a
370
100
_a
Guider
_9
79384
245
_a
जवाहर नवोदय विद्यालय प्रवेश परीक्षा 2020 20 प्रैक्टिस सेट्स
260
_a
नई दिल्ली
_b
Guider Competitive Group
_c
2020
650
_a
शिक्षा
_9
79424
942
_c
BK
999
_c
63026
_d
63026